[Event "AUT-ch Blitz"]
[Site "Innsbruck"]
[Date "2025.06.21"]
[Round "4"]
[White "Kranebitter, Gerhard"]
[Black "Polterauer, Chiara"]
[Result "0-1"]
[WhiteElo "1969"]
[BlackElo "2159"]
[PlyCount "54"]
[EventDate "2025.06.21"]
[EventType "swiss (blitz)"]
[EventRounds "11"]
[EventCountry "AUT"]
[SourceTitle "CB26_2025"]
[SourceDate "2025.06.25"]
[SourceVersion "1"]
[SourceVersionDate "2025.06.25"]
[SourceQuality "1"]

1. c4 c5 2. Nc3 Nf6 3. g3 d5 4. cxd5 Nxd5 5. Bg2 Nc7 6. Nf3 Nc6 7. 0-0 e5 8. d3 Be7 9. Be3 0-0 10. Rc1 Bd7 11. Ne4 b6 12. Nc3 Rc8 13. Nd2 Ne6 14. Nd5 Bd6 15. Nc4 Bb8 16. f4 exf4 17. Nxf4 Nxf4 18. Bxf4 Nd4 19. Nd6 Bg4 20. Nxc8 Nxe2+ 21. Kh1 Nxg3+ 22. hxg3 Bxd1 23. Rcxd1 Qxc8 24. Kh2 Rd8 25. Be4 Bxf4 26. Rxf4 g6 27. g4 Qc7 0-1

[Event "AUT-ch Rapid"]
[Site "Innsbruck"]
[Date "2024.05.31"]
[Round "8"]
[White "Khalakhan, Jurij"]
[Black "Kranebitter, Gerhard"]
[Result "1-0"]
[WhiteElo "2078"]
[BlackElo "1965"]
[PlyCount "50"]
[EventDate "2024.05.30"]
[EventType "swiss (rapid)"]
[EventRounds "9"]
[EventCountry "AUT"]
[SourceTitle "CBM 220 Extra"]
[Source "ChessBase"]
[SourceDate "2024.07.31"]
[SourceVersion "1"]
[SourceVersionDate "2024.07.31"]
[SourceQuality "1"]

1. e4 d5 2. exd5 Qxd5 3. Nc3 Qa5 4. d4 c6 5. Bc4 Nf6 6. Nf3 Bf5 7. Bd2 Qc7 8. Ne5 e6 9. Bb3 Bd6 10. Qe2 Bxe5 11. dxe5 Nd5 12. g4 Bg6 13. 0-0-0 Nd7 14. f4 h6 15. Bxd5 cxd5 16. f5 Bh7 17. Nb5 Qc6 18. Bb4 Nc5 19. Nd6+ Kd7 20. Nxf7 Rhf8 21. Nd6 b6 22. Rhe1 a5 23. Ba3 Rad8 24. Nb5 Kc8 25. Nd4 exf5 1-0

[Event "AUT-ch Rapid"]
[Site "Innsbruck"]
[Date "2024.05.31"]
[Round "9"]
[White "Kranebitter, Gerhard"]
[Black "Leonov, Leonid"]
[Result "1-0"]
[WhiteElo "1965"]
[BlackElo "1740"]
[PlyCount "97"]
[EventDate "2024.05.30"]
[EventType "swiss (rapid)"]
[EventRounds "9"]
[EventCountry "AUT"]
[SourceTitle "CBM 220 Extra"]
[Source "ChessBase"]
[SourceDate "2024.07.31"]
[SourceVersion "1"]
[SourceVersionDate "2024.07.31"]
[SourceQuality "1"]

1. c4 Nf6 2. Nf3 g6 3. Nc3 Bg7 4. g3 0-0 5. Bg2 d6 6. 0-0 e5 7. e4 Nbd7 8. d4 exd4 9. Nxd4 Re8 10. Re1 Nc5 11. f3 a5 12. Be3 Bd7 13. Qd2 a4 14. Bg5 a3 15. b3 Ne6 16. Be3 h5 17. h4 Qe7 18. Rad1 Rad8 19. Nde2 Kh7 20. Nd5 Nxd5 21. cxd5 Nc5 22. Bd4 Be5 23. Bxe5 Qxe5 24. Qd4 b5 25. Qxe5 dxe5 26. b4 Nb7 27. Rc1 Rc8 28. Rc3 Nd6 29. Rxa3 Ra8 30. Rxa8 Rxa8 31. Nc1 Ra4 32. Nd3 Rxa2 33. Nxe5 Bc8 34. Rc1 Ra7 35. Nc6 Ra4 36. Ne7 Rxb4 37. Rxc7 Rb1+ 38. Kh2 b4 39. Nxc8 Nxc8 40. Rxc8 b3 41. Rb8 b2 42. d6 Rd1 43. Rxb2 Rxd6 44. e5 Re6 45. f4 f6 46. Rb7+ Kh6 47. Bd5 Ra6 48. e6 Rd6 49. e7 1-0

[Event "AUT-ch Rapid"]
[Site "Innsbruck"]
[Date "2024.05.30"]
[Round "1"]
[White "Kranebitter, Gerhard"]
[Black "Shengelia, Davit"]
[Result "0-1"]
[WhiteElo "1965"]
[BlackElo "2449"]
[PlyCount "87"]
[EventDate "2024.05.30"]
[EventType "swiss (rapid)"]
[EventRounds "9"]
[EventCountry "AUT"]
[SourceTitle "CBM 220 Extra"]
[Source "ChessBase"]
[SourceDate "2024.07.31"]
[SourceVersion "1"]
[SourceVersionDate "2024.07.31"]
[SourceQuality "1"]

1. c4 e6 2. Nf3 Nf6 3. Nc3 Bb4 4. e3 b6 5. a3 Bxc3 6. bxc3 0-0 7. Be2 c5 8. 0-0 Nc6 9. d3 Bb7 10. e4 h6 11. h3 Qc7 12. Re1 d5 13. exd5 exd5 14. cxd5 Nxd5 15. Qd2 Rad8 16. Bf1 Na5 17. Qc2 Rfe8 18. Rxe8+ Rxe8 19. c4 Nf4 20. Nh2 Nc6 21. Be3 Qe5 22. Rd1 Nd4 23. Bxf4 Qxf4 24. Qc1 Qxc1 25. Rxc1 f5 26. Ra1 g5 27. a4 Bc6 28. a5 Nb3 29. Rb1 Nxa5 30. f3 Bd7 31. Kf2 Nc6 32. Be2 f4 33. Bd1 Nb4 34. Be2 Bf5 35. Rd1 Nc2 36. Ng4 Kg7 37. Rd2 Nd4 38. Bd1 h5 39. Nh2 Re3 40. Ra2 a5 41. Nf1 Rxd3 42. Ba4 Be6 43. Nd2 b5 44. Bxb5 0-1

[Event "Tirol Landesliga 2223"]
[Site "Austria"]
[Date "2023.03.12"]
[Round "8.3"]
[White "Kranebitter, Gerhard"]
[Black "Schmidlechner, Alexander"]
[Result "0-1"]
[WhiteElo "1991"]
[BlackElo "2152"]
[PlyCount "63"]
[EventDate "2022.10.01"]
[EventType "team-tourn"]
[EventRounds "9"]
[EventCountry "AUT"]
[SourceTitle "EXT 2024"]
[Source "ChessBase"]
[SourceDate "2023.10.10"]
[SourceVersion "1"]
[SourceVersionDate "2023.10.10"]
[SourceQuality "1"]
[WhiteTeam "Rochade Rum"]
[BlackTeam "Absam"]
[WhiteTeamCountry "AUT"]
[BlackTeamCountry "AUT"]

1. e4 c5 2. Nc3 Nc6 3. g3 g6 4. Bg2 Bg7 5. d3 d6 6. f4 e6 7. Nf3 Nge7 8. Be3 Nd4 9. 0-0 0-0 10. Qd2 Bd7 11. Nd1 Qc7 12. c3 Ndc6 13. d4 cxd4 14. cxd4 d5 15. e5 Na5 16. Rc1 Qb6 17. b3 Bb5 18. Re1 Rfc8 19. Nb2 Bf8 20. Rxc8 Rxc8 21. Rc1 Rxc1+ 22. Qxc1 Nf5 23. Bf2 Nc6 24. Qd1 Qa6 25. g4 Be2 26. Bf1 Bxd1 27. Bxa6 Bxf3 28. gxf5 bxa6 29. fxe6 fxe6 30. Kf1 Bb4 31. Na4 Bg4 32. Be3 0-1

[Event "Tirol Landesliga 2223"]
[Site "Austria"]
[Date "2023.02.11"]
[Round "5.4"]
[White "Kranebitter, Gerhard"]
[Black "Kerber, Alfred"]
[Result "1/2-1/2"]
[WhiteElo "1991"]
[BlackElo "1905"]
[PlyCount "48"]
[EventDate "2022.10.01"]
[EventType "team-tourn"]
[EventRounds "9"]
[EventCountry "AUT"]
[SourceTitle "EXT 2024"]
[Source "ChessBase"]
[SourceDate "2023.10.10"]
[SourceVersion "1"]
[SourceVersionDate "2023.10.10"]
[SourceQuality "1"]
[WhiteTeam "Rochade Rum"]
[BlackTeam "Reutte"]
[WhiteTeamCountry "AUT"]
[BlackTeamCountry "AUT"]

1. b3 e5 2. Bb2 Nc6 3. e3 d5 4. Bb5 Bd6 5. f4 Qe7 6. fxe5 Bxe5 7. Bxc6+ bxc6 8. Bxe5 Qxe5 9. Nc3 Ba6 10. Qf3 Nf6 11. Nge2 Bxe2 12. Qxe2 Ne4 13. d4 Nxc3 14. Qd3 Qg5 15. Qxc3 0-0 16. 0-0 Rfe8 17. Rf3 Re6 18. Raf1 f6 19. Rg3 Qh5 20. Rh3 Qg6 21. Rg3 Qh6 22. Rh3 Qg6 23. Rg3 Qh6 24. Rh3 Qg6 1/2-1/2

[Event "AUT-chT2W 2122"]
[Site "Austria"]
[Date "2022.02.19"]
[Round "4.2"]
[White "Lins, Philipp"]
[Black "Kranebitter, Gerhard"]
[Result "1/2-1/2"]
[WhiteElo "2161"]
[BlackElo "1975"]
[PlyCount "64"]
[EventDate "2021.10.15"]
[EventType "team-tourn"]
[EventRounds "11"]
[EventCountry "AUT"]
[SourceTitle "EXT 2023"]
[Source "ChessBase"]
[SourceDate "2022.10.05"]
[SourceVersion "1"]
[SourceVersionDate "2022.10.05"]
[SourceQuality "1"]
[WhiteTeam "Hohenems II"]
[BlackTeam "Rochade Rum"]
[WhiteTeamCountry "AUT"]
[BlackTeamCountry "AUT"]

1. Nf3 g6 2. d4 Bg7 3. g3 d5 4. Bg2 Nf6 5. 0-0 0-0 6. b3 c5 7. e3 b6 8. Bb2 Ba6 9. Re1 Nc6 10. Ne5 Rc8 11. Nxc6 Rxc6 12. c4 cxd4 13. exd4 Rc7 14. cxd5 Nxd5 15. Qd2 Qd7 16. Na3 Rfc8 17. Rac1 e6 18. Rxc7 Rxc7 19. h4 Bf8 20. Nc2 Bb7 21. Rc1 Bg7 22. Ne1 Rxc1 23. Qxc1 Ne7 24. Bxb7 Qxb7 25. Qf4 Nd5 26. Qe4 Qa6 27. a4 Qa5 28. Nf3 Qb4 29. Qd3 h6 30. Kg2 Qd6 31. Qd2 a6 32. Qc2 Qc7 1/2-1/2

[Event "Arco op 28th"]
[Site "Arco"]
[Date "2006.10.27"]
[Round "7"]
[White "Kranebitter, Gerhard"]
[Black "Happel, Henk"]
[Result "1/2-1/2"]
[WhiteElo "2091"]
[BlackElo "2213"]
[PlyCount "152"]
[EventDate "2006.10.21"]
[EventType "swiss"]
[EventRounds "9"]
[EventCountry "ITA"]
[SourceTitle "EXT 2007"]
[Source "ChessBase"]
[SourceDate "2006.11.23"]
[SourceVersion "1"]
[SourceVersionDate "2006.11.23"]
[SourceQuality "1"]

1. e4 e6 2. d4 d5 3. Nc3 Nf6 4. e5 Nfd7 5. f4 c5 6. Nf3 Nc6 7. Be3 cxd4 8. Nxd4 Bc5 9. Qd2 Nxd4 10. Bxd4 Bxd4 11. Qxd4 Qb6 12. 0-0-0 Qxd4 13. Rxd4 Nb8 14. Nb5 Nc6 15. Rd2 Ke7 16. Nd4 f6 17. Nf3 fxe5 18. fxe5 Bd7 19. c3 Be8 20. c4 Rc8 21. Kd1 dxc4 22. Bxc4 Bh5 23. Be2 Rhd8 24. Re1 Rxd2+ 25. Nxd2 Bxe2+ 26. Rxe2 Rd8 27. Kc1 Nd4 28. Re4 Rd5 29. b3 Nc6 30. Nf3 h6 31. Kc2 Rc5+ 32. Kb2 a5 33. a3 Rd5 34. Kc2 Kf7 35. g4 Kg6 36. Nh4+ Kh7 37. Nf3 Rd7 38. b4 axb4 39. axb4 Rf7 40. Nd2 Rf2 41. b5 Ne7 42. h4 Kg6 43. Kd3 Nd5 44. Nc4 Rf3+ 45. Kd4 b6 46. Nd6 Rb3 47. Kc4 Rc3+ 48. Kd4 Rc5 49. Re2 Nc7 50. h5+ Kh7 51. Rb2 Kh8 52. Ke4 Rc1 53. Nb7 Re1+ 54. Kd4 Rg1 55. Nd6 Rxg4+ 56. Kd3 Rg5 57. Rc2 Nd5 58. Rc8+ Kh7 59. Nf7 Rxh5 60. Kd4 Rh4+ 61. Kd3 Rb4 62. Nd8 Nf4+ 63. Ke3 Ng6 64. Nxe6 Rxb5 65. Kd4 Rxe5 66. Nf8+ Nxf8 67. Kxe5 Nd7+ 68. Kf5 Nc5 69. Rc7 Nb3 70. Rb7 b5 71. Ke5 Nd2 72. Rxb5 Nf3+ 73. Kf4 Nh4 74. Kg4 Ng6 75. Rb7 Nf8 76. Kf5 Ng6 1/2-1/2

[Event "Arco op 28th"]
[Site "Arco"]
[Date "2006.10.26"]
[Round "6"]
[White "Kranebitter, Gerhard"]
[Black "Niccoli, Paolo"]
[Result "1-0"]
[WhiteElo "2091"]
[BlackElo "1994"]
[PlyCount "117"]
[EventDate "2006.10.21"]
[EventType "swiss"]
[EventRounds "9"]
[EventCountry "ITA"]
[SourceTitle "EXT 2007"]
[Source "ChessBase"]
[SourceDate "2006.11.23"]
[SourceVersion "1"]
[SourceVersionDate "2006.11.23"]
[SourceQuality "1"]

1. g3 d5 2. Bg2 Nf6 3. c4 c6 4. d3 Bf5 5. b3 e6 6. Bb2 Be7 7. Nf3 Nbd7 8. 0-0 h6 9. Nbd2 0-0 10. a3 Rc8 11. Re1 Re8 12. h3 Bh7 13. Nf1 Nh5 14. e3 Bf6 15. d4 Be7 16. Ne5 Nhf6 17. Nh2 Be4 18. Bf1 Bf5 19. Nhf3 Ne4 20. Nd2 Ndf6 21. Kg2 Bxh3+ 22. Kg1 Bxf1 23. Nxf1 Nd7 24. f3 Nef6 25. Qd3 dxc4 26. Qxc4 Nxe5 27. dxe5 Nd5 28. e4 Nb6 29. Qc3 Qc7 30. Ne3 Rcd8 31. Rad1 f6 32. f4 fxe5 33. Qxe5 Qxe5 34. fxe5 Bc5 35. Kf2 Kf7 36. Ke2 Bxe3 37. Kxe3 Ke7 38. a4 Nd7 39. Rf1 c5 40. Rd2 Nb8 41. Rc2 Na6 42. Bc3 Rf8 43. Rh1 Rd7 44. g4 Rfd8 45. g5 Rd1 46. Rhh2 R8d3+ 47. Ke2 Rd7 48. gxh6 gxh6 49. Rxh6 Rb1 50. Bd2 Kd8 51. Rxe6 Rxb3 52. Bg5+ Kc7 53. Re8 b6 54. e6 Rh7 55. Bf4+ Kb7 56. Rd2 Rbh3 57. Rd7+ Kc6 58. Rc8+ Nc7 59. Rcxc7# 1-0

[Event "Arco op 28th"]
[Site "Arco"]
[Date "2006.10.23"]
[Round "3"]
[White "Becker, Jonas"]
[Black "Kranebitter, Gerhard"]
[Result "1-0"]
[WhiteElo "1922"]
[BlackElo "2091"]
[PlyCount "119"]
[EventDate "2006.10.21"]
[EventType "swiss"]
[EventRounds "9"]
[EventCountry "ITA"]
[SourceTitle "EXT 2007"]
[Source "ChessBase"]
[SourceDate "2006.11.23"]
[SourceVersion "1"]
[SourceVersionDate "2006.11.23"]
[SourceQuality "1"]

1. d4 Nf6 2. c4 e6 3. Nc3 d5 4. e3 c6 5. a3 Nbd7 6. Nf3 a6 7. c5 Qc7 8. b4 e5 9. dxe5 Nxe5 10. Nd4 g6 11. Be2 Bg7 12. Qc2 0-0 13. Bb2 Re8 14. a4 Bg4 15. Bd3 Nxd3+ 16. Qxd3 Nd7 17. 0-0 Ne5 18. Qc2 Nc4 19. h3 Bd7 20. a5 Qe5 21. Na4 Nxb2 22. Nxb2 Qh5 23. Nd3 Qh4 24. Ne1 f5 25. Nef3 Qf6 26. Qd2 Re4 27. h4 Rae8 28. g3 h6 29. Rab1 g5 30. hxg5 hxg5 31. Ne2 Kf7 32. Kg2 f4 33. gxf4 gxf4 34. Nxf4 Rg8 35. Ne2 Bg4 36. Nfd4 Bh6 37. Ng3 Rxd4 38. Qxd4 Qf3+ 39. Kh2 Bg5 40. Qd1 Rh8+ 41. Kg1 Qxd1 42. Rbxd1 Bxd1 43. Rxd1 Bf6 44. Rd3 Rh4 45. f4 Rg4 46. Kh2 Ke6 47. Kh3 Rg8 48. e4 dxe4 49. Nxe4 Bb2 50. Nd6 Rg7 51. f5+ Ke5 52. Rf3 Rh7+ 53. Kg4 Rg7+ 54. Kh5 Bc1 55. f6 Rg5+ 56. Kh4 Rg8 57. f7 Rf8 58. Kh5 Ke6 59. Kg6 Rh8 60. f8Q 1-0

[Event "Arco op 28th"]
[Site "Arco"]
[Date "2006.10.22"]
[Round "2"]
[White "Kranebitter, Gerhard"]
[Black "Isonzo, Davide"]
[Result "0-1"]
[WhiteElo "2091"]
[BlackElo "2345"]
[PlyCount "70"]
[EventDate "2006.10.21"]
[EventType "swiss"]
[EventRounds "9"]
[EventCountry "ITA"]
[SourceTitle "EXT 2007"]
[Source "ChessBase"]
[SourceDate "2006.11.23"]
[SourceVersion "1"]
[SourceVersionDate "2006.11.23"]
[SourceQuality "1"]

1. e4 c5 2. c3 Nf6 3. e5 Nd5 4. Nf3 Nc6 5. d4 cxd4 6. cxd4 d6 7. Bc4 Nb6 8. Bb5 Bd7 9. exd6 exd6 10. 0-0 Be7 11. Nc3 0-0 12. Bf4 Bg4 13. Bxc6 bxc6 14. d5 c5 15. h3 Bh5 16. g4 Bg6 17. Rc1 Qd7 18. Kg2 Bf6 19. g5 Bxc3 20. bxc3 Be4 21. c4 f6 22. g6 hxg6 23. Kg3 g5 24. Be3 Qf5 25. Nd2 Rfe8 26. Qg4 Qh7 27. Qd1 Qh4+ 28. Kh2 f5 29. Rg1 f4 30. Rg4 Qh6 31. Nxe4 Rxe4 32. Qd3 Rae8 33. Bd2 Rd4 34. Qc3 Nxc4 35. Be1 Ne5 0-1

[Event "Arco op 27th"]
[Site "Arco"]
[Date "2005.10.29"]
[Round "8"]
[White "Kranebitter, Gerhard"]
[Black "Bozzao, Francesco"]
[Result "1-0"]
[WhiteElo "2070"]
[BlackElo "1941"]
[PlyCount "51"]
[EventDate "2005.10.22"]
[EventType "swiss"]
[EventRounds "9"]
[EventCountry "ITA"]
[SourceTitle "EXT 2006"]
[Source "ChessBase"]
[SourceDate "2005.11.24"]
[SourceVersion "1"]
[SourceVersionDate "2005.11.24"]
[SourceQuality "1"]

1. e4 c5 2. Nf3 d6 3. c3 Nf6 4. Be2 Nc6 5. d4 cxd4 6. cxd4 Nxe4 7. d5 Qa5+ 8. Nc3 Nxc3 9. bxc3 Ne5 10. Nxe5 dxe5 11. 0-0 g6 12. Be3 Bg7 13. d6 exd6 14. Qxd6 Qd8 15. Qa3 Bf8 16. Qb3 Qc7 17. Rfd1 Bg7 18. Qb4 f6 19. Bc4 Bf5 20. Bd5 Bd7 21. Bxb7 Rb8 22. Rab1 Bf8 23. Qb3 Bc5 24. Bxc5 Qxc5 25. Rxd7 Kxd7 26. Qf7+ 1-0

[Event "Arco op 27th"]
[Site "Arco"]
[Date "2005.10.26"]
[Round "5"]
[White "Schacher, Gerd"]
[Black "Kranebitter, Gerhard"]
[Result "1-0"]
[WhiteElo "2258"]
[BlackElo "2070"]
[PlyCount "81"]
[EventDate "2005.10.22"]
[EventType "swiss"]
[EventRounds "9"]
[EventCountry "ITA"]
[SourceTitle "EXT 2006"]
[Source "ChessBase"]
[SourceDate "2005.11.24"]
[SourceVersion "1"]
[SourceVersionDate "2005.11.24"]
[SourceQuality "1"]

1. c4 c6 2. Nf3 d5 3. d4 Nf6 4. Nbd2 Bf5 5. g3 e6 6. Bg2 h6 7. 0-0 Be7 8. b3 Nbd7 9. Bb2 Ne4 10. a3 a5 11. Re1 0-0 12. Nxe4 Bxe4 13. Bf1 Bh7 14. Nd2 f5 15. Qc1 Nf6 16. a4 Ne4 17. Nxe4 fxe4 18. Bg2 Bg5 19. Qc3 Bf6 20. Qd2 Bg5 21. Qc3 Bf6 22. b4 axb4 23. Qxb4 Qd7 24. c5 Qf7 25. Rf1 Ra7 26. a5 Rfa8 27. Ra3 Bd8 28. Rfa1 Bg6 29. Bc3 Bh5 30. Qb2 Bc7 31. e3 Bf3 32. Bf1 Rb8 33. Rb3 Raa8 34. Rxb7 h5 35. a6 h4 36. a7 Rf8 37. Ba5 hxg3 38. fxg3 Bg4 39. Bg2 Qh5 40. Qd2 g5 41. Bxc7 1-0

[Event "AUT-chT3 9899"]
[Site "Austria"]
[Date "1999.02.19"]
[Round "9"]
[White "Kranebitter, Gerhard"]
[Black "Adensamer, Gerhard"]
[Result "1/2-1/2"]
[WhiteElo "2115"]
[BlackElo "2050"]
[PlyCount "39"]
[EventDate "1998.??.??"]
[EventType "team-tourn"]
[EventRounds "9"]
[EventCountry "AUT"]
[SourceTitle "EXT 2002"]
[Source "ChessBase"]
[SourceDate "2001.11.25"]
[SourceVersion "1"]
[SourceVersionDate "2001.11.25"]
[SourceQuality "1"]

1. e4 e6 2. d4 d5 3. exd5 exd5 4. Bd3 Bd6 5. Nf3 Qe7+ 6. Be3 Bf4 7. Qe2 Bxe3 8. Qxe3 Qxe3+ 9. fxe3 Nf6 10. 0-0 0-0 11. c4 Nc6 12. a3 dxc4 13. Bxc4 Re8 14. Re1 Bg4 15. Nbd2 Bxf3 16. Nxf3 Re7 17. d5 Ne5 18. Nxe5 Rxe5 19. Rac1 Kf8 20. Rc3 1/2-1/2

[Event "Graz op-B"]
[Site "Graz"]
[Date "1999.??.??"]
[Round "3"]
[White "Kranebitter, Gerhard"]
[Black "Mallner, Wilhelm"]
[Result "0-1"]
[WhiteElo "1980"]
[BlackElo "1840"]
[PlyCount "88"]
[EventDate "1999.09.17"]
[EventType "swiss"]
[EventRounds "9"]
[EventCountry "AUT"]
[SourceTitle "EXT 2001"]
[Source "ChessBase"]
[SourceDate "2000.11.22"]
[SourceVersion "1"]
[SourceVersionDate "2000.11.22"]
[SourceQuality "1"]

1. e4 e5 2. d4 exd4 3. Qxd4 Nc6 4. Qe3 Nf6 5. Nc3 Be7 6. Bd2 d5 7. exd5 Nxd5 8. Qf3 Nf6 9. Bb5 0-0 10. Bxc6 Bg4 11. Qg3 bxc6 12. f3 Ne4 13. Nxe4 Bh4 14. Ne2 Be6 15. 0-0-0 Bxg3 16. hxg3 Qe7 17. a3 c5 18. Rh5 f6 19. Rdh1 Bf7 20. Rxh7 Bg6 21. R7h4 Rfe8 22. N2c3 Rad8 23. Be3 Qe5 24. Bxc5 a6 25. b4 Bxe4 26. Rh8+ Kf7 27. Rxe8 Rxe8 28. Kb2 Bf5 29. g4 Be6 30. Rf1 Qg3 31. Rf2 Bc4 32. Rd2 Qe5 33. Rd7+ Kg8 34. Bd4 Qg3 35. g5 Qxg5 36. Rxc7 Bf7 37. Ne4 Qd5 38. Kc3 Qa2 39. a4 Qa3+ 40. Kd2 Qxb4+ 41. Bc3 Rd8+ 42. Kc1 Qa3+ 43. Bb2 Qe3+ 44. Kb1 Rd1+ 0-1

[Event "Graz op-B"]
[Site "Graz"]
[Date "1999.??.??"]
[Round "5"]
[White "Kranebitter, Gerhard"]
[Black "Schuetz, Christian"]
[Result "1-0"]
[WhiteElo "1980"]
[BlackElo "1895"]
[PlyCount "79"]
[EventDate "1999.09.17"]
[EventType "swiss"]
[EventRounds "9"]
[EventCountry "AUT"]
[SourceTitle "EXT 2001"]
[Source "ChessBase"]
[SourceDate "2000.11.22"]
[SourceVersion "1"]
[SourceVersionDate "2000.11.22"]
[SourceQuality "1"]

1. e4 c5 2. Nf3 Nc6 3. d4 cxd4 4. Nxd4 Nf6 5. Nc3 e5 6. Ndb5 d6 7. Bg5 a6 8. Na3 b5 9. Nd5 Be7 10. Bxf6 Bxf6 11. c3 Bg5 12. Be2 0-0 13. 0-0 Kh8 14. Nc2 g6 15. a4 bxa4 16. Rxa4 a5 17. b4 Bb7 18. b5 Ne7 19. Nce3 f5 20. Nxe7 Bxe3 21. Nd5 Bc5 22. exf5 gxf5 23. Bc4 Qg5 24. Qf3 f4 25. Qe4 f3 26. g3 Rf4 27. Qd3 Qh5 28. Nxf4 exf4 29. Be6 fxg3 30. hxg3 Rg8 31. Rd4 Bd5 32. Bxg8 Bxg8 33. Rh4 Qe5 34. Qxf3 d5 35. Rh5 Qd6 36. Qf4 Qg6 37. Rg5 Qe6 38. Qe5+ Qxe5 39. Rxe5 Bd6 40. Re8 1-0

[Event "Graz op-B"]
[Site "Graz"]
[Date "1999.??.??"]
[Round "9"]
[White "Kranebitter, Gerhard"]
[Black "Ully, Michael"]
[Result "1/2-1/2"]
[WhiteElo "1980"]
[BlackElo "1960"]
[PlyCount "116"]
[EventDate "1999.09.17"]
[EventType "swiss"]
[EventRounds "9"]
[EventCountry "AUT"]
[SourceTitle "EXT 2001"]
[Source "ChessBase"]
[SourceDate "2000.11.22"]
[SourceVersion "1"]
[SourceVersionDate "2000.11.22"]
[SourceQuality "1"]

1. e4 c6 2. d4 d5 3. exd5 cxd5 4. Bd3 Nc6 5. c3 Nf6 6. Bf4 Bg4 7. Qb3 Qd7 8. Nd2 e6 9. Ngf3 Be7 10. Ne5 Qc8 11. Nxg4 Nxg4 12. h3 Nf6 13. 0-0 0-0 14. Rae1 Nh5 15. Bh2 g6 16. Nf3 a6 17. a4 Ra7 18. Qc2 Qd7 19. g4 Ng7 20. Ne5 Nxe5 21. Bxe5 Bd6 22. Re3 Bxe5 23. Rxe5 b5 24. axb5 axb5 25. f4 f5 26. Qe2 b4 27. cxb4 Qa4 28. b5 Qxd4+ 29. Qe3 Qxe3+ 30. Rxe3 Rb8 31. Be2 Kf7 32. Rc3 Ne8 33. gxf5 gxf5 34. Rc6 Ra2 35. Rf2 Ke7 36. Bd3 Ra4 37. Kg2 Nf6 38. Re2 Ne4 39. Rc7+ Kd6 40. Rc6+ Ke7 41. Rec2 Rb4 42. Rc7+ Kf6 43. Rxh7 Rg8+ 44. Kh2 Rb3 45. Bf1 Rg7 46. Rh6+ Rg6 47. Rh8 Rg7 48. Rb8 Rd7 49. b6 d4 50. Rc7 Rxb2+ 51. Kg1 Rg7+ 52. Rxg7 Kxg7 53. b7 Nc5 54. Rd8 Nxb7 55. Rxd4 Nc5 56. Bg2 Rb1+ 57. Kh2 Rb2 58. h4 Kf6 1/2-1/2

[Event "Graz op-B"]
[Site "Graz"]
[Date "1999.??.??"]
[Round "2"]
[White "Lickl, Norbert"]
[Black "Kranebitter, Gerhard"]
[Result "1/2-1/2"]
[WhiteElo "1875"]
[BlackElo "1980"]
[PlyCount "45"]
[EventDate "1999.09.17"]
[EventType "swiss"]
[EventRounds "9"]
[EventCountry "AUT"]
[SourceTitle "EXT 2001"]
[Source "ChessBase"]
[SourceDate "2000.11.22"]
[SourceVersion "1"]
[SourceVersionDate "2000.11.22"]
[SourceQuality "1"]

1. Nf3 e6 2. g3 d5 3. Bg2 Nf6 4. 0-0 c5 5. d3 Be7 6. Nbd2 Nc6 7. Re1 e5 8. e4 d4 9. Nc4 Qc7 10. Nfxe5 Nxe5 11. Bf4 Bd6 12. Bxe5 Bxe5 13. f4 Nd7 14. fxe5 Nxe5 15. Nxe5 Qxe5 16. Rf1 0-0 17. Qf3 Bd7 18. Qf4 Rae8 19. Rf2 b5 20. b3 Re7 21. Raf1 a5 22. Qh4 Qd6 23. Bh3 1/2-1/2

[Event "Seefeld op 09th"]
[Site "Seefeld"]
[Date "1998.??.??"]
[Round "4"]
[White "Kranebitter, Gerhard"]
[Black "Igney, Volkhard"]
[Result "1/2-1/2"]
[WhiteElo "2115"]
[BlackElo "2225"]
[PlyCount "125"]
[EventDate "1998.09.12"]
[EventType "swiss"]
[EventRounds "9"]
[EventCountry "AUT"]
[SourceTitle "EXT 2000"]
[Source "ChessBase"]
[SourceDate "1999.11.16"]
[SourceVersion "1"]
[SourceVersionDate "1999.11.16"]
[SourceQuality "1"]

1. e4 c6 2. d4 d5 3. exd5 cxd5 4. Bd3 Nc6 5. c3 Nf6 6. Bf4 Bg4 7. Qb3 Qc8 8. Nd2 e6 9. Ngf3 Bh5 10. 0-0 Be7 11. a4 Bg6 12. Ne1 0-0 13. h3 Na5 14. Qb5 Bd8 15. Bxg6 hxg6 16. Qd3 Bc7 17. Bxc7 Qxc7 18. b4 Nc4 19. Nxc4 dxc4 20. Qf3 a5 21. b5 Nd5 22. g3 Rac8 23. Nc2 Qe7 24. Rfc1 Qf6 25. Qxf6 gxf6 26. Ne3 Nb6 27. f4 Kg7 28. Kf2 Rh8 29. Kg2 Rh5 30. g4 Rh4 31. Kg3 Rch8 32. Rh1 f5 33. gxf5 gxf5 34. Rh2 Kf6 35. Ng2 R4h7 36. h4 Nd5 37. Rc1 Rg7+ 38. Kf2 Rg4 39. Kf3 Rhg8 40. h5 Rg3+ 41. Kf2 Rxc3 42. Rxc3 Nxc3 43. Ne3 Nxa4 44. Nxc4 Nc3 45. Nxa5 Nxb5 46. Nxb7 Nxd4 47. Nc5 Nc6 48. Kf3 Rd8 49. Rg2 Rh8 50. Rh2 Rh6 51. Rh1 Nb4 52. Nd7+ Ke7 53. Ne5 Nd5 54. Rh2 f6 55. Nc4 Nc7 56. Ne3 Ne8 57. Nf1 e5 58. Ng3 Ke6 59. Ra2 Nd6 60. Ra6 Rh8 61. h6 Kd5 62. Ra5+ Ke6 63. Ra6 1/2-1/2

[Event "Seefeld op 09th"]
[Site "Seefeld"]
[Date "1998.??.??"]
[Round "6"]
[White "Kranebitter, Gerhard"]
[Black "Schmidt, Juergen"]
[Result "1/2-1/2"]
[WhiteElo "2115"]
[BlackElo "2195"]
[PlyCount "50"]
[EventDate "1998.09.12"]
[EventType "swiss"]
[EventRounds "9"]
[EventCountry "AUT"]
[SourceTitle "EXT 2000"]
[Source "ChessBase"]
[SourceDate "1999.11.16"]
[SourceVersion "1"]
[SourceVersionDate "1999.11.16"]
[SourceQuality "1"]

1. e4 e5 2. d4 exd4 3. Qxd4 Nc6 4. Qe3 Nf6 5. Nc3 Nb4 6. Bd3 Nxd3+ 7. Qxd3 Be7 8. h3 d6 9. Bd2 0-0 10. 0-0-0 a6 11. g4 b5 12. Nge2 b4 13. Nd5 Nxd5 14. exd5 a5 15. Nd4 Bd7 16. Be3 a4 17. Qc4 Qb8 18. g5 b3 19. cxb3 a3 20. Nc6 axb2+ 21. Kxb2 Bxc6 22. dxc6 Ra3 23. Rd5 Qa8 24. Ra1 Ra6 25. Rc1 Rxa2+ 1/2-1/2

[Event "Seefeld op 09th"]
[Site "Seefeld"]
[Date "1998.??.??"]
[Round "7"]
[White "Sucher, Johannes"]
[Black "Kranebitter, Gerhard"]
[Result "1-0"]
[WhiteElo "2205"]
[BlackElo "2115"]
[PlyCount "83"]
[EventDate "1998.09.12"]
[EventType "swiss"]
[EventRounds "9"]
[EventCountry "AUT"]
[SourceTitle "EXT 2000"]
[Source "ChessBase"]
[SourceDate "1999.11.16"]
[SourceVersion "1"]
[SourceVersionDate "1999.11.16"]
[SourceQuality "1"]

1. e4 e6 2. c4 d5 3. cxd5 exd5 4. exd5 Nf6 5. Bb5+ Bd7 6. Bc4 Bg4 7. f3 Bf5 8. Qb3 Nbd7 9. d4 Bd6 10. Nc3 0-0 11. Nge2 Nb6 12. Bg5 h6 13. Bh4 Re8 14. 0-0 g5 15. Bf2 Bc2 16. Qxc2 Nxc4 17. Qf5 Nb6 18. f4 Bf8 19. fxg5 Nfxd5 20. Bh4 Qd7 21. Qxd7 Nxd7 22. Nxd5 Rxe2 23. Rae1 Rxe1 24. Rxe1 hxg5 25. Bxg5 Bd6 26. Re4 Kh7 27. Nxc7 Rc8 28. Nb5 Bf8 29. Nc3 Kg6 30. Bh4 Rc4 31. d5 Rc8 32. g4 Bg7 33. Re7 Bd4+ 34. Bf2 Bxc3 35. Rxd7 Bxb2 36. Rxb7 Rc1+ 37. Kg2 Rc2 38. Kf3 a5 39. d6 Bf6 40. d7 Rxa2 41. Rb6 Rxf2+ 42. Kxf2 1-0